| 000 | 00314nam a2200133 i 4500 | ||
|---|---|---|---|
| 001 | bg | ||
| 245 | 0 |
_aAdgezija rasplavov i pajka materialov / _cVyp.2. |
|
| 260 |
_aKiev, _c1977. |
||
| 040 | _cBPK | ||
| 041 | _apol | ||
| 080 | _a532:539.61:621.791/793 | ||
| 942 | _cKS | ||
| 008 | s pl f |000 0 pol | ||
| 999 |
_c18237 _d18237 |
||
| 856 |
_uhttp://koha.tu.koszalin.pl/cgi-bin/koha/opac-detail.pl?biblionumber=18237 _yKatalog online BPK |
||